00626nam a2200193Ia 4500003000900000008004100009020001800050040001600068080001700084100002100101245010300122260004200225300001500267490006100282650002600343650001900369650002000388650002400408IN-BaIIA211028s9999 xx 000 0 eng d a0-13-946053-5 cIIA Library a535.215bHAU aHaus, Hermann A. 0aWaves and fields in optoelectronicscHermann A. Haus  aEnglewood CliffsbPrentice-Hallc1984 axii, 402p. aPrentice-Hall series in solid state physical electronics aElectromagnetic Waves aNASA Thesaurus aOptoelectronics aQuantum Electronics